000 00864nam a2200205Ia 4500
003 OSt
005 20241003142349.0
007 ca aa aaaaa
008 201103s9999 xx 000 0 und d
040 _cSSBUL
041 _abur
082 _223
_a၂၉၄.၃ ဣဒ်
_b၉၃၁၀ S-SAT
100 0 _a ဣဒ္ဓိကာဘိဝံသ၊ အရှင်
245 1 0 _aသာသနာကွယ်ကြောင်းနှင့် သာသနာတည်ကြောင်း /
_cအရှင်ဣဒ္ဓိကာဘိဝံသ။
260 _aမန္တလေး ၊
_bအောင်သပြေပုံနှိပ်တိုက်၊
_c၂၀၁၂။
300 _a၁၀၈ စာမျက်နှာ ၊
_c၁၆ စင်တီ။
500 _aS-SAT: Dr. Sai Aung Tun
650 _aဗုဒ္ဓဘာသာ
942 _2ddc
_cBK1
999 _c16797
_d16797